000
00227nam a22000857a 4500
008
170614b xxu||||| |||| 00| 0 eng d
100
_9
3391
_a
Gupta. R. G
245
_a
Compo Mathematics for us - VI
260
_a
New Delhi
_b
A. P. C
_c
2010
999
_c
6751
_d
6751